000 00870nam a2200193 a 4500
001 BRCA_932
005 20190320203218.0
008 040608s1997----us-a---###---#000-0#eng-#
020 _a9701800966
050 4 _aHE859
_b.S55 1997
245 1 0 _aThe Silver Galleons
_bMexico, Heart of Two Ocean Trade 1565-1815.
260 _aHouston
_bInstituto Cultural Mexicano de Houston
_c1997
300 _a164 p.
_bil. a color
_c22 cm.
500 _aCatálogo de la exposición realizada en el Houston Museum of Natural Science, 6 junio - 1 septiembre, 1997 y en el Mexican Cultural Institute Washington, 16 octubre - 24 enero, 1998
500 _aIncluye piezas de la colección Franz Mayer: p. 23, 61, 76-77, 84, 89, 106-107,115 y 124-125
650 1 4 _aGaleones
_xHistoria
_ySiglo XVI a XIX
_93076
651 4 _aMéxico
_xComercio de artes decorativas
_zFilipinas
_93077
942 _2lcc
_cB
999 _c821
_d821